| 000 | 01158nam a2200241Ia 4500 | ||
|---|---|---|---|
| 003 | OSt | ||
| 005 | 20201119123240.0 | ||
| 008 | 191128s2012 yo abo gr 000 0 spa d | ||
| 020 | _a9783848458998 | ||
| 040 |
_aCO-JMCR _cCO-JMCR |
||
| 041 | 0 | _aspa | |
| 082 | 0 | 4 |
_a658.4038 / _bC171g _223 |
| 100 | 1 |
_aCarballo Ramos, Elme, _eautor _912369 |
|
| 245 | 1 | 0 |
_aGestión del conocimiento, formación, innovación y desarrollo local : _buna relación necesaria / _cElme Carballo Ramos, Edianny Carballo Cruz |
| 260 |
_aSaarbrücken : _bEditorial académica española, _c2012 |
||
| 300 |
_a79 páginas : _bdiagramas, fotografías y mapas a blanco y negro ; _c22 cm. |
||
| 504 | _aBibliografía: páginas 74-79. | ||
| 505 | 0 | _aCaracterización de la evolución de la gestión del conocimiento, la ciencia, la tecnología y la innovación a nivel local y territorial -- Modelo de formación e indicadores que expresan la relación conocimientos-brecha, estratégica-innovación-impactos-desar | |
| 650 | 2 | 4 |
_aGestión del conocimiento _911857 |
| 650 | 2 | 4 |
_aTecnología e innovación _912370 |
| 700 | 1 |
_aCarballo Cruz, Edianny, _eautora _912371 |
|
| 942 |
_2ddc _cBK |
||
| 999 |
_c6129 _d6129 |
||